000 00601nam a2200217Ia 4500
003 OSt
005 20220928145108.0
006 a|||||r|||| 00| 0
007 ta
008 220927b |||||||| |||| 00| 0 eng d
024 _a78738
037 _cTextual
040 _aSDCL
_cSDCL
_beng
041 _2eng
_aeng
082 _aV1:19'N70<-M80, M4
100 _aBartlett C J
_9511637
245 0 _aGlobal conflict
_b The international rivalry of the great powers, 1880 - 1970.
260 _c1984
942 _hV1:19'N70<-M80, M4
_cTEXL
_2CC
999 _c831935
_d831935